[Event "Kimry Summer op"]
[Site "Kimry"]
[Date "2016.08.30"]
[Round "6"]
[White "Shapurov, Nikolay"]
[Black "Sherbakova, Elena"]
[Result "1-0"]
[WhiteElo "1464"]
[BlackElo "1754"]
[PlyCount "69"]
[EventDate "2016.08.28"]
[EventType "swiss"]
[EventRounds "7"]
[EventCountry "RUS"]
[SourceTitle "CBM 174 Extra"]
[Source "ChessBase"]
[SourceDate "2016.10.10"]
[SourceVersion "1"]
[SourceVersionDate "2016.10.10"]
[SourceQuality "1"]

1. d4 Nf6 2. Nf3 e6 3. Bf4 b6 4. e3 Bb7 5. Nbd2 Be7 6. c3 0-0 7. h3 d6 8. Be2 Nbd7 9. 0-0 Rc8 10. Re1 c5 11. Bf1 Qc7 12. Bh2 Ne4 13. Nxe4 Bxe4 14. Ba6 Bb7 15. Bxb7 Qxb7 16. Qe2 Rfd8 17. e4 h6 18. e5 d5 19. Rad1 Nf8 20. Rf1 Ng6 21. Ne1 Bf8 22. f4 Qe7 23. g3 Rc6 24. Nf3 f5 25. exf6 Qxf6 26. Kh1 Rcd6 27. Bg1 c4 28. Rde1 b5 29. Nh2 Qf5 30. g4 Qf7 31. f5 exf5 32. gxf5 Ne7 33. Ng4 Kh8 34. Bh2 R6d7 35. Ne5 1-0